000
00205 a2200097 4500
001
27571
100
_a
Brogan, W.L
245
_a
Modern control theory
260
_a
_b
Quantum pub
_c
090
_c
18358
_d
18358
942
_a
NUST-CAE
_c
M
_c
9289
999
_c
262644
_d
262644